| 000 | 00959nac a22002891i 4500 | ||
|---|---|---|---|
| 003 | EG-ScBUE | ||
| 005 | 20240327093118.0 | ||
| 008 | 240327s2005 e ab f 001 0 eng d | ||
| 020 | _a9780714150451 | ||
| 020 | _a0714150452 | ||
| 040 |
_aEG-ScBUE _beng _erda _cEG-ScBUE _dEG-ScBUE |
||
| 043 | _af-ua--- | ||
| 082 | 0 | 4 |
_a932 _bHAR _222 |
| 100 | 1 |
_aHarris, Geraldine, _eauthor. |
|
| 245 | 1 | 4 |
_aThe British Museum illustrated encyclopaedia of ancient Egypt / _cGeraldine Harris and Delia Pemberton. |
| 250 | _aSecond edition. | ||
| 264 | 1 |
_aLondon : _bThe British Museum Press, _c2005. |
|
| 300 |
_a176 pages : _billustrations (some color), color maps ; _c29 cm |
||
| 336 |
_2rdacontent _atext _btxt |
||
| 337 |
_aunmediated _2rdamedia _bn |
||
| 338 |
_avolume _bnc _2rdacarrier |
||
| 500 | _aIncludes index. | ||
| 651 | 7 |
_2BUEsh _aEgypt _xHistory _yTo 640 A.D. |
|
| 655 | _vReading book | ||
| 700 | 1 |
_aPemberton, Delia, _eauthor. |
|
| 942 |
_cNB _2ddc |
||
| 999 |
_c9014 _d9014 |
||